Statistics for Five Most Guessed Subdivisions by Country #1

Click here to take the quiz!

General Stats

  • This quiz has been taken 1,233 times
  • The average score is 20 of 40

Answer Stats

Country%Subdivision% Correct
United States96California
99%
United States94New York
99%
United States96Texas
97%
United States94Florida
96%
Germany95Bavaria
88%
Spain91Catalonia
82%
Australia88New South Wales
81%
Australia88Queensland
77%
Australia92Tasmania
76%
United States93Washington
75%
Australia85Western Australia
73%
Australia79Victoria
69%
Brazil97Rio de Janeiro
64%
Brazil92São Paulo
62%
Spain77Basque Country
58%
Spain85Madrid
58%
Germany73Saxony
57%
Spain78Andalusia
55%
India76Uttar Pradesh
47%
Germany63Baden-Württemberg
45%
Germany65Brandenburg
43%
India78Punjab
36%
Brazil76Amazonas
35%
China63Guangdong
35%
India75West Bengal
34%
Spain76Canary Islands
33%
China66Hainan
30%
South Africa74KwaZulu-Natal
30%
South Africa73Western Cape
30%
India74Gujarat
29%
India77Goa
28%
Germany63Schleswig-Holstein
28%
China63Sichuan
27%
South Africa69Eastern Cape
26%
China55Hubei
26%
South Africa60Northern Cape
21%
Brazil65Bahia
18%
South Africa65Free State
18%
Brazil65Mato Grosso
18%
China55Hunan
17%

Score Distribution

Percentile by Number Answered

Percent of People with Each Score

Your Score History

You have not taken this quiz